Natural gas information 2006 with 2005 data

Salvato in:
Dettagli Bibliografici
Ente Autore: OECD. International Energy Agency
Natura: Libro
Lingua:inglese
Pubblicazione: Paris OECD 2006
Serie:IEA statistics
Soggetti:
Tags: Aggiungi Tag
Nessun Tag, puoi essere il primo ad aggiungerne!!

MARC

LEADER 00000nam a2200000 4500
001 0050791
005 20240313135036.3
020 |a 92-64-11009-7 
041 0 |a eng 
044 |a FR 
245 1 0 |a Natural gas information 2006  |b with 2005 data 
264 1 |a Paris  |b OECD  |c 2006 
300 |a xxx, I.6, II.51, III.36, IV.361, V.21, VI.65 
490 1 |a IEA statistics 
830 0 |a IEA statistics 
610 2 0 |a plyn zemný 
610 2 0 |a palivá 
610 2 0 |a energia 
610 2 0 |a údaje štatistické 
610 2 0 |a porovnanie štatistické medzinárodné 
610 2 0 |a spotreba 
610 2 0 |a ceny 
610 2 0 |a výroba 
610 2 0 |a priemysel plynárenský 
610 2 0 |a vývoz 
610 2 0 |a dovoz 
710 2 |a OECD. International Energy Agency